[Event "UKR-ch (Women) 77th"]
[Site "Zhitomir"]
[Date "2017.12.10"]
[Round "3"]
[White "Mats, Diana"]
[Black "Malakhova, Elizaveta"]
[Result "0-1"]
[WhiteElo "1990"]
[BlackElo "2337"]
[PlyCount "92"]
[EventDate "2017.12.08"]
[EventType "tourn"]
[EventRounds "9"]
[EventCountry "UKR"]
[EventCategory "3"]
[SourceTitle "CBM 182 Extra"]
[Source "ChessBase"]
[SourceDate "2018.02.23"]
[SourceVersion "1"]
[SourceVersionDate "2018.02.23"]
[SourceQuality "1"]

1. e4 Nf6 2. Nc3 d5 3. exd5 Nxd5 4. Bc4 e6 5. Qf3 Nb4 6. Bb3 N8c6 7. Nge2 Na5 8. Ba4+ c6 9. a3 Nd5 10. b4 Nc4 11. d3 Ne5 12. Qg3 Ng6 13. Ne4 Be7 14. Bb2 0-0 15. 0-0 f5 16. Nd2 e5 17. f4 exf4 18. Qh3 Bf6 19. Bxf6 Qxf6 20. Rae1 Bd7 21. Bb3 Rae8 22. Bxd5+ cxd5 23. Qf3 Bc6 24. Nb3 Re3 25. Qf2 Rfe8 26. Nbd4 Qe5 27. Kh1 Bd7 28. Qg1 Qe7 29. Rf2 Qh4 30. Ref1 Qf6 31. Rd1 f3 32. gxf3 f4 33. b5 Nh4 34. Qf1 R8e5 35. a4 Rh5 36. c3 b6 37. Nc2 Ree5 38. Ncd4 Rh6 39. Qe1 Bh3 40. Qd2 Bg2+ 41. Rxg2 Nxg2 42. Ng1 Ne3 43. Re1 Reh5 44. Qf2 Rxh2+ 45. Qxh2 Rxh2+ 46. Kxh2 Qh4+ 0-1

[Event "UKR-ch (Women) 77th"]
[Site "Zhitomir"]
[Date "2017.12.09"]
[Round "2"]
[White "Malakhova, Elizaveta"]
[Black "Doluhanova, Evgeniya"]
[Result "0-1"]
[WhiteElo "2337"]
[BlackElo "2352"]
[PlyCount "126"]
[EventDate "2017.12.08"]
[EventType "tourn"]
[EventRounds "9"]
[EventCountry "UKR"]
[EventCategory "3"]
[SourceTitle "CBM 182 Extra"]
[Source "ChessBase"]
[SourceDate "2018.02.23"]
[SourceVersion "1"]
[SourceVersionDate "2018.02.23"]
[SourceQuality "1"]

1. d4 Nf6 2. c4 e6 3. Nc3 Bb4 4. e3 0-0 5. Nge2 Re8 6. a3 Bf8 7. Ng3 d5 8. Be2 a5 9. 0-0 b6 10. Qc2 Bb7 11. Rd1 Nbd7 12. cxd5 exd5 13. Rb1 Ne4 14. Ncxe4 dxe4 15. Bb5 Re6 16. d5 Rd6 17. Nxe4 Rxd5 18. Rxd5 Bxd5 19. Bd2 Nc5 20. Nxc5 Bxc5 21. Rd1 Qh4 22. Bc3 Be4 23. Bd3 Bb7 24. h3 Bd6 25. Bf5 g6 26. Rd4 Qe7 27. Be4 Bxe4 28. Rxe4 Qd8 29. Rd4 Qe8 30. Qd3 Rd8 31. Rd5 Qe6 32. Kf1 f6 33. Qc4 Kf7 34. e4 Bc5 35. b4 axb4 36. axb4 c6 37. Rxc5 bxc5 38. Qxc5 Qxe4 39. Qa7+ Qe7 40. Qa4 Qd6 41. Qb3+ Qd5 42. Qxd5+ cxd5 43. Bd4 Rb8 44. Bc5 Ke6 45. Ke2 Kd7 46. Kd3 Kc6 47. h4 Re8 48. g3 Re4 49. f3 Re1 50. g4 Kb5 51. g5 fxg5 52. hxg5 Re5 53. f4 Re4 54. Bd6 Kc6 55. Bc5 Rxf4 56. Be7 Re4 57. Bc5 Kb5 58. Bd6 Re6 59. Bc7 Rc6 60. Be5 Rc4 61. Bd6 Kc6 62. Be7 Kd7 63. Bc5 Rg4 0-1

[Event "EU-ch (Women) 18th"]
[Site "Riga"]
[Date "2017.04.14"]
[Round "4"]
[White "Batsiashvili, Nino"]
[Black "Malakhova, Elizaveta"]
[Result "1/2-1/2"]
[WhiteElo "2496"]
[BlackElo "2324"]
[PlyCount "163"]
[EventDate "2017.04.11"]
[EventType "swiss"]
[EventRounds "11"]
[EventCountry "LAT"]
[SourceTitle "CBM 177 Extra"]
[Source "ChessBase"]
[SourceDate "2017.04.27"]
[SourceVersion "1"]
[SourceVersionDate "2017.04.27"]
[SourceQuality "1"]

1. d4 e6 2. c4 f5 3. Nc3 Nf6 4. f3 Bb4 5. Bd2 0-0 6. a3 Be7 7. e3 c5 8. Bd3 Nc6 9. Nge2 d5 10. cxd5 cxd4 11. dxc6 dxc3 12. Bxc3 bxc6 13. Qc2 Qb6 14. e4 fxe4 15. Bxe4 Nxe4 16. Qxe4 e5 17. Bxe5 Bf6 18. Bxf6 Rxf6 19. Qd4 Qb5 20. a4 Qa6 21. Kf2 Bf5 22. Rhe1 Rb8 23. Ng3 Qb6 24. Qxb6 Rxb6 25. Re2 Bg6 26. Rd1 Rf8 27. Rd7 a6 28. Rc7 Rfb8 29. a5 Rxb2 30. Rxc6 Bd3 31. Rc8+ Rxc8 32. Rxb2 Rc3 33. Ne2 Ra3 34. Nc1 Bc4 35. Rc2 Ra4 36. Ke3 Kf7 37. g3 Ke6 38. Rc3 g6 39. Nb3 Bxb3 40. Rxb3 Rxa5 41. Kf4 Ra4+ 42. Kg5 Ra5+ 43. Kg4 h5+ 44. Kh4 Rb5 45. Rc3 a5 46. Rc6+ Kf7 47. Ra6 Rf5 48. f4 Kg7 49. h3 Kf7 50. g4 hxg4 51. hxg4 Rb5 52. Ra7+ Kg8 53. Rc7 Kf8 54. Rc3 Kf7 55. Ra3 Kf6 56. Ra4 Ke6 57. Rc4 Kf7 58. Rc3 Kg7 59. Kg3 Kf7 60. Kf3 Kg7 61. Rc7+ Kf8 62. Ra7 Kg8 63. Ke4 Kf8 64. f5 gxf5+ 65. gxf5 Kg8 66. Kf4 Kf8 67. Kg5 Rb6 68. Rxa5 Rc6 69. Ra7 Rb6 70. Rh7 Kg8 71. Re7 Kf8 72. Rd7 Ra6 73. Rd4 Kf7 74. Rh4 Rb6 75. Rh7+ Kg8 76. Re7 Kf8 77. Re6 Rxe6 78. fxe6 Ke7 79. Kf5 Ke8 80. Kf6 Kf8 81. e7+ Ke8 82. Ke6 1/2-1/2

[Event "EU-ch (Women) 18th"]
[Site "Riga"]
[Date "2017.04.11"]
[Round "1"]
[White "Malakhova, Elizaveta"]
[Black "Maklakova, Nellija"]
[Result "1-0"]
[WhiteElo "2324"]
[BlackElo "1829"]
[PlyCount "65"]
[EventDate "2017.04.11"]
[EventType "swiss"]
[EventRounds "11"]
[EventCountry "LAT"]
[SourceTitle "CBM 177 Extra"]
[Source "ChessBase"]
[SourceDate "2017.04.27"]
[SourceVersion "1"]
[SourceVersionDate "2017.04.27"]
[SourceQuality "1"]

1. b3 e5 2. Bb2 Nc6 3. e3 Nf6 4. Bb5 e4 5. f4 a6 6. Bxc6 dxc6 7. Ne2 Ng4 8. 0-0 h5 9. h3 Nf6 10. Nbc3 h4 11. d3 Bc5 12. dxe4 Bxe3+ 13. Kh1 Qxd1 14. Raxd1 b5 15. e5 Nh5 16. Rf3 Bb6 17. f5 Bd7 18. Ne4 0-0-0 19. e6 fxe6 20. f6 g6 21. Ng5 Rhf8 22. f7 Bc5 23. Nh7 e5 24. Nxf8 Rxf8 25. Bxe5 Bf5 26. Nd4 Bxd4 27. Rxd4 Rxf7 28. Rxh4 Re7 29. Bc3 Bxc2 30. Rf2 Bb1 31. Kh2 Ng7 32. Bf6 Re4 33. Rxe4 1-0

[Event "UKR-ch (Women) 76th"]
[Site "Rivne"]
[Date "2016.12.15"]
[Round "7"]
[White "Malakhova, Elizaveta"]
[Black "Rakhmangulova, Anastasiya"]
[Result "1/2-1/2"]
[WhiteElo "2270"]
[BlackElo "2256"]
[PlyCount "54"]
[EventDate "2016.12.08"]
[EventType "tourn"]
[EventRounds "9"]
[EventCountry "UKR"]
[EventCategory "2"]
[SourceTitle "CBM 176 Extra"]
[Source "ChessBase"]
[SourceDate "2017.03.02"]
[SourceVersion "1"]
[SourceVersionDate "2017.03.02"]
[SourceQuality "1"]

1. e4 c6 2. d3 d5 3. Nd2 e5 4. Ngf3 Nd7 5. Qe2 d4 6. g3 Bd6 7. Bh3 f6 8. c3 c5 9. Nc4 Bc7 10. a4 Ne7 11. Nh4 Nb6 12. Bxc8 Qxc8 13. Nxb6 axb6 14. c4 h5 15. Qf3 Qg4 16. h3 Qxf3 17. Nxf3 g5 18. Bd2 Kd7 19. Ke2 Ng6 20. Ne1 h4 21. g4 Ne7 22. Nc2 Nc6 23. Rhb1 Bd6 24. b4 Ra7 25. b5 Ne7 26. Ra2 Rha8 27. Rba1 Bc7 1/2-1/2

[Event "UKR-ch (Women) 76th"]
[Site "Rivne"]
[Date "2016.12.09"]
[Round "2"]
[White "Gaponenko, Inna"]
[Black "Malakhova, Elizaveta"]
[Result "1/2-1/2"]
[WhiteElo "2411"]
[BlackElo "2270"]
[PlyCount "54"]
[EventDate "2016.12.08"]
[EventType "tourn"]
[EventRounds "9"]
[EventCountry "UKR"]
[EventCategory "2"]
[SourceTitle "CBM 176 Extra"]
[Source "ChessBase"]
[SourceDate "2017.03.02"]
[SourceVersion "1"]
[SourceVersionDate "2017.03.02"]
[SourceQuality "1"]

1. e4 e5 2. Nf3 Qe7 3. Nc3 c6 4. d4 d6 5. a4 Nf6 6. Be2 Qc7 7. 0-0 Be7 8. b3 Bg4 9. Ba3 Bxf3 10. Bxf3 Nbd7 11. Qd2 Nf8 12. Rfd1 Ne6 13. Ne2 h6 14. g3 0-0-0 15. Bg2 c5 16. dxe5 dxe5 17. Qc3 Rxd1+ 18. Rxd1 Rd8 19. Rxd8+ Qxd8 20. Qd3 Qxd3 21. cxd3 Kd7 22. f4 c4 23. Bxe7 cxd3 24. Bb4 dxe2 25. fxe5 Ng4 26. Bf3 Nxe5 27. Bxe2 Nd4 1/2-1/2

[Event "UKR-ch (Women)"]
[Site "Lvov"]
[Date "2015.12.14"]
[Round "9"]
[White "Osmak, Iulija"]
[Black "Malakhova, Elizaveta"]
[Result "1-0"]
[WhiteElo "2334"]
[BlackElo "2315"]
[PlyCount "117"]
[EventDate "2015.12.05"]
[EventType "tourn"]
[EventRounds "9"]
[EventCountry "UKR"]
[EventCategory "2"]
[SourceTitle "CBM 169 Extra"]
[Source "ChessBase"]
[SourceDate "2015.12.18"]
[SourceVersion "1"]
[SourceVersionDate "2015.12.18"]
[SourceQuality "1"]

1. e4 e5 2. Nf3 Nc6 3. Bb5 a6 4. Ba4 Nf6 5. Qe2 Qe7 6. c3 g6 7. 0-0 Bg7 8. Re1 0-0 9. d4 b5 10. Bc2 d6 11. a4 Rb8 12. axb5 axb5 13. d5 Nd8 14. Ra7 Ne8 15. Na3 b4 16. cxb4 Rxb4 17. Nd2 f5 18. f3 f4 19. Nb5 g5 20. b3 h5 21. Ba3 Rxb5 22. Qxb5 g4 23. Qe2 Nf7 24. Bd3 Qh4 25. Ba6 Bd7 26. Rc1 Ng5 27. Bb5 g3 28. Nf1 gxh2+ 29. Nxh2 Bxb5 30. Qxb5 Qg3 31. Qe2 Nh3+ 32. Kh1 Nf2+ 33. Kg1 Nh3+ 34. Kf1 Rf6 35. gxh3 Rg6 36. Ng4 hxg4 37. hxg4 Rh6 38. Qg2 Rh2 39. Qxg3 fxg3 40. g5 Bf8 41. Rc3 Kf7 42. Bc1 Be7 43. Ra8 Ng7 44. Rxc7 Nh5 45. Be3 Rh1+ 46. Bg1 Nf4 47. Raa7 Ng6 48. Kg2 Rh5 49. Be3 Rh2+ 50. Kxg3 Re2 51. Bc1 Ke8 52. b4 Re1 53. b5 Bd8 54. Rg7 Nf8 55. Bd2 Rg1+ 56. Kh2 Rd1 57. Ba5 Bxa5 58. Rxa5 Rd2+ 59. Kg3 1-0

[Event "UKR-ch (Women)"]
[Site "Lvov"]
[Date "2015.12.12"]
[Round "7"]
[White "Gutsko, Anastasiya"]
[Black "Malakhova, Elizaveta"]
[Result "1/2-1/2"]
[WhiteElo "2177"]
[BlackElo "2315"]
[PlyCount "160"]
[EventDate "2015.12.05"]
[EventType "tourn"]
[EventRounds "9"]
[EventCountry "UKR"]
[EventCategory "2"]
[SourceTitle "CBM 169 Extra"]
[Source "ChessBase"]
[SourceDate "2015.12.18"]
[SourceVersion "1"]
[SourceVersionDate "2015.12.18"]
[SourceQuality "1"]

1. e4 e6 2. d4 d5 3. exd5 exd5 4. Bd3 Bd6 5. Nf3 Ne7 6. 0-0 Bf5 7. Re1 Bxd3 8. Qxd3 0-0 9. Ng5 Ng6 10. h4 Re8 11. Rxe8+ Qxe8 12. Be3 h6 13. h5 Nf8 14. Nf3 Nbd7 15. Nh4 c6 16. Nf5 Bc7 17. f3 Ne6 18. Qd2 Ng5 19. Bxg5 hxg5 20. Nc3 Bf4 21. Qe2 g6 22. hxg6 fxg6 23. Nh6+ Kg7 24. Ng4 Bg3 25. Qd2 Qe7 26. Ne2 Bd6 27. Qe3 Qxe3+ 28. Nxe3 Re8 29. Kf2 Nf6 30. c3 Rh8 31. Re1 Rh4 32. g3 Rh2+ 33. Kg1 Rh8 34. Kg2 Re8 35. Kf2 Nh5 36. Rg1 Nf6 37. Rh1 a5 38. a4 b5 39. Ra1 Rb8 40. axb5 Rxb5 41. Ra2 Kf8 42. Nc1 Nh5 43. Ne2 Ke7 44. Ng4 Ke6 45. Kg2 Ng7 46. Nf2 Nf5 47. Nd3 Ne3+ 48. Kf2 Nc4 49. Nec1 Nb6 50. Ne2 a4 51. Ra1 Kf6 52. Kg2 Kf5 53. g4+ Kf6 54. Kf2 Ra5 55. b3 a3 56. Ra2 Ra8 57. Nc5 Bxc5 58. dxc5 Nd7 59. b4 Ne5 60. Nd4 Ra6 61. Ke2 Nc4 62. Kd3 Ke5 63. Ne2 Ke6 64. Nd4+ Kd7 65. Kc2 Ra8 66. Kb3 Rh8 67. Nc2 Nd2+ 68. Kxa3 Ra8+ 69. Kb2 Rxa2+ 70. Kxa2 Nxf3 71. Kb3 Nd2+ 72. Ka4 Ne4 73. Kb3 Nf6 74. Ne3 Ke6 75. Kc2 Nd7 76. Kd3 Ne5+ 77. Kd4 Nf3+ 78. Kd3 Ne5+ 79. Kd4 Nf3+ 80. Kd3 Ne5+ 1/2-1/2